Geography Quiz

Random Geography or State Quiz

Counties of Texas Quiz Stats

 Plays Quiz Updated Aug 30, 2019

Support Sporcle.
Go Orange.
Score 0/254 Timer 20:00
6 Plays Today
% Correct
Dallas County
90.3%
Austin County
82%
Houston County
79.8%
Harris County
79.6%
El Paso County
78.9%
Jack County
72.8%
Bexar County
72.7%
Jefferson County
71.9%
Washington County
71.8%
Jackson County
70.8%
Johnson County
70.4%
Tarrant County
70%
Travis County
69.8%
Galveston County
69.3%
Brown County
68.7%
Lubbock County
68.6%
Anderson County
67.7%
Brazos County
66.2%
Tyler County
65.1%
Denton County
64.7%
Bell County
64.4%
Smith County
64.1%
Collin County
64.1%
Orange County
63.9%
Bowie County
63.2%
Andrews County
63.1%
Madison County
62.9%
Taylor County
62.8%
Crockett County
62.4%
Hill County
61.6%
Lee County
61.5%
Williamson County
61.3%
King County
61.3%
Colorado County
61%
Harrison County
60.9%
Brazoria County
60.5%
Bee County
60.2%
Jones County
59.9%
Zapata County
59.9%
Midland County
59.3%
Red River County
59.2%
Angelina County
59.1%
Aransas County
59%
Gray County
58.4%
Comanche County
58.3%
Montgomery County
58.2%
Comal County
58.2%
Deaf Smith County
58.1%
Bastrop County
57.8%
Zavala County
57.8%
Jeff Davis County
57.6%
Fort Bend County
57.4%
Archer County
57%
Franklin County
56.9%
Cherokee County
56.7%
Polk County
56.7%
Nueces County
56.7%
Parker County
56.7%
Tom Green County
56.6%
Uvalde County
56.4%
Jim Hogg County
56.2%
Victoria County
56.1%
Young County
56.1%
San Saba County
56%
Wichita County
55.8%
San Jacinto County
55.7%
Kerr County
55.6%
Cameron County
55.5%
Gonzales County
55.4%
Guadalupe County
55.3%
Atascosa County
55.3%
Grayson County
55.2%
Pecos County
55.2%
Ellis County
55.2%
Wilson County
55%
Kenedy County
55%
Loving County
54.7%
Ector County
54.7%
Brewster County
54.7%
Baylor County
54.6%
Hunt County
54.6%
Dallam County
54.1%
Hays County
54%
Sabine County
53.8%
Walker County
53.8%
% Correct
Armstrong County
53.7%
Hall County
53.7%
Jasper County
53.6%
Cooke County
53.6%
Bandera County
53.6%
Waller County
53.5%
Val Verde County
53.2%
Erath County
53.2%
Goliad County
53.1%
Rockwall County
53%
Llano County
52.7%
Fannin County
52.7%
Nacogdoches County
52.7%
Burnet County
52.6%
Jim Wells County
52.5%
Henderson County
52.4%
Palo Pinto County
52.4%
Wood County
52.3%
Van Zandt County
52.3%
Hamilton County
52.3%
Camp County
52.1%
Frio County
52.1%
Roberts County
51.9%
Trinity County
51.9%
Caldwell County
51.9%
Calhoun County
51.8%
Cass County
51.7%
Lamar County
51.7%
Coke County
51.5%
Bailey County
51.5%
Lampasas County
51.3%
McLennan County
51.1%
San Patricio County
51.1%
Blanco County
50.9%
Hood County
50.9%
Wise County
50.8%
Mason County
50.8%
Yoakum County
50.8%
Hidalgo County
50.8%
Limestone County
50.7%
Edwards County
50.6%
Chambers County
50.6%
Falls County
50.4%
Freestone County
50.4%
Bosque County
50.4%
Burleson County
50.2%
Liberty County
50.2%
Potter County
50%
Eastland County
49.9%
Hudspeth County
49.9%
Irion County
49.9%
Webb County
49.8%
Matagorda County
49.7%
Robertson County
49.7%
San Augustine County
49.7%
Stonewall County
49.7%
Dimmit County
49.6%
Clay County
49.6%
Martin County
49.5%
Reagan County
49.4%
Upshur County
49.3%
Culberson County
48.9%
Kaufman County
48.9%
Collingsworth County
48.9%
Navarro County
48.8%
Throckmorton County
48.8%
Grimes County
48.8%
Fayette County
48.7%
Childress County
48.6%
Carson County
48.6%
Live Oak County
48.4%
Wharton County
48.4%
Hale County
48.4%
Borden County
48.3%
Duval County
48.3%
Upton County
48.3%
Coleman County
48.2%
Kent County
48.2%
Presidio County
48.2%
Callahan County
48.1%
Kendall County
48%
Starr County
48%
Moore County
47.8%
Terrell County
47.7%
Gillespie County
47.7%
% Correct
Hardin County
47.7%
Concho County
47.6%
Rusk County
47.6%
Lavaca County
47.5%
Morris County
47.5%
Gregg County
47.5%
Karnes County
47.5%
Leon County
47.5%
Castro County
47.4%
Kleberg County
47.4%
Sherman County
47.4%
Glasscock County
47.3%
Newton County
47.3%
Stephens County
47.1%
Garza County
47.1%
Gaines County
46.8%
Brooks County
46.4%
Ochiltree County
46.3%
Lamb County
46.2%
Briscoe County
46.1%
Randall County
46.1%
Delta County
46%
Howard County
45.8%
DeWitt County
45.8%
Foard County
45.7%
Oldham County
45.7%
Willacy County
45.7%
Knox County
45.6%
Maverick County
45.6%
Milam County
45.3%
Coryell County
45.3%
Ward County
45.3%
Titus County
45.1%
Nolan County
44.8%
Refugio County
44.7%
Crane County
44.4%
Mills County
44.4%
Parmer County
44.3%
La Salle County
44.3%
Real County
44.3%
Kimble County
44.1%
Terry County
43.8%
Rains County
43.8%
Wheeler County
43.8%
Sutton County
43.7%
Wilbarger County
43.4%
Sterling County
43.4%
Reeves County
43.4%
Marion County
43.3%
Panola County
43.3%
Winkler County
43.3%
Montague County
43.1%
Medina County
43.1%
Hemphill County
43.1%
Floyd County
42.8%
Cottle County
42.7%
Swisher County
42.7%
Dawson County
42.6%
Kinney County
42.3%
McMullen County
42.2%
Motley County
42.2%
Menard County
42.1%
McCulloch County
42%
Crosby County
41.9%
Hutchinson County
41.8%
Runnels County
41.8%
Dickens County
41.7%
Haskell County
41.6%
Fisher County
41.5%
Donley County
41.3%
Hartley County
41.3%
Shelby County
41.3%
Lipscomb County
41.2%
Hopkins County
40.8%
Hockley County
40.8%
Scurry County
40.7%
Hardeman County
40.6%
Mitchell County
40.4%
Cochran County
40.3%
Lynn County
40.1%
Somervell County
39.5%
Shackelford County
39.3%
Schleicher County
38.8%
Hansford County
38.1%

You're not logged in!

Compare scores with friends on all Sporcle quizzes.
OR
Log In

From the Vault

Premier League Team Goal Stats

by thebail

Your goal is simply to get all the answers right.
Remove Ads.
Support Sporcle.
Get the best of Sporcle when you Go Orange. This ad-free experience offers more features, more stats, and more fun while also helping to support Sporcle. Thank you for becoming a member.

Show Comments

Extras

Top Quizzes Today


Score Distribution

Your Account Isn't Verified!

In order to create a playlist on Sporcle, you need to verify the email address you used during registration. Go to your Sporcle Settings to finish the process.

Report this User

Report this user for behavior that violates our Community Guidelines.

Details: